The size of government : measurement, methodology and official statistics /

Bibliographic Details
Main Author: Rybacek, Vaclav, (Author)
Format: eBook
Language:English
Published: Newcastle upon Tyne : Agenda Publishing, [2020]
Series:Austrian economics.
Subjects:
Online Access:Click to View
LEADER 01952nam a2200457 i 4500
001 EBC6144376
003 MiAaPQ
005 20200621113706.0
006 m o d |
007 cr cnu||||||||
008 200621s2020 enka ob 001 0 eng d
020 |z 9781788210102 
020 |a 9781788213103 (e-book) 
035 |a (MiAaPQ)EBC6144376 
035 |a (Au-PeEL)EBL6144376 
035 |a (OCoLC)1148882734 
040 |a MiAaPQ  |b eng  |e rda  |e pn  |c MiAaPQ  |d MiAaPQ 
043 |a e------  |a e-au--- 
050 4 |a HJ1000  |b .R933 2020 
082 0 |a 336.4  |2 23 
100 1 |a Rybacek, Vaclav,  |e author. 
245 1 4 |a The size of government :  |b measurement, methodology and official statistics /  |c Vaclav Rybacek. 
264 1 |a Newcastle upon Tyne :  |b Agenda Publishing,  |c [2020] 
264 4 |c 2020 
300 |a 1 online resource (vi, 186 pages) :  |b illustrations. 
336 |a text  |b txt  |2 rdacontent 
337 |a computer  |b c  |2 rdamedia 
338 |a online resource  |b cr  |2 rdacarrier 
490 1 |a Austrian economics 
504 |a Includes bibliographical references and index. 
588 |a Description based on print version record. 
590 |a Electronic reproduction. Ann Arbor, MI : ProQuest, 2018. Available via World Wide Web. Access may be limited to ProQuest affiliated libraries. 
651 0 |a European Union countries  |x Politics and government. 
651 0 |a Austria  |x Politics and government. 
651 0 |a European Union countries  |x Economic conditions. 
651 0 |a Austria  |x Economic conditions. 
655 4 |a Electronic books. 
776 0 8 |i Print version:  |a Rybacek, Vaclav.  |t Size of government : measurement, methodology and official statistics.  |d Newcastle upon Tyne : Agenda Publishing, c2020   |h vi, 186 pages   |k Austrian economics.  |z 9781788210102   |w (DLC) 2019467367 
797 2 |a ProQuest (Firm) 
830 0 |a Austrian economics. 
856 4 0 |u https://ebookcentral.proquest.com/lib/matrademy/detail.action?docID=6144376  |z Click to View